000
002330000a22000970004500
100
1
_a
Tomlinson, Dave
245
1
0
_a
Issues in modern hermeneutics
300
_a
Vol. 13, Nñum 3 (1995), Páginas 89-95
773
0
_t
Evangel
942
_c
ANA
999
_c
54206
_d
54206